| 000 | 01085cab a22001935a 4500 | ||
|---|---|---|---|
| 001 | L142415 | ||
| 008 | 080213s2007 xxk f 000 0 eng d | ||
| 035 | _a(Sirsi) u142415 | ||
| 041 | 0 | _aeng | |
| 100 | 1 | _aSmith, Andrew | |
| 245 | 0 | 0 |
_aLarge-scale events and sustainable urban regeneration _bkey principles for host cities |
| 260 | _c2008 | ||
| 490 |
_aJournal of Urban Regeneration and Renewal _v1(2), 178-190(13) |
||
| 520 | _aExplores the ways in which the hosting of major events can be used as tools to catalyse sustainable urban regeneration. Makes recommendations for future host cities on the best ways to capitalise on such events. Suggests that these occasions can be used to target beneficiaries at neighbourhood level, avoiding the usual top-down approach they are seen as epitomising. Concludes with ten generic principles aimed at making the most of the possibilities for ongoing regeneration offered by the hosting of single or multiple events. | ||
| 590 | _aKA | ||
| 651 | 4 |
_aUnited Kingdom _y |
|
| 690 | _aPROPERTY-PROPERTY MANAGEMENT-REGENERATION | ||
| 942 | _n0 | ||
| 999 |
_c79799 _d79799 |
||